| 000 | 00404nam a2200181Ia 4500 | ||
|---|---|---|---|
| 999 |
_c28135 _d28135 |
||
| 003 | 0100 | ||
| 005 | 20170509122510.0 | ||
| 008 | 130303s9999 xx 000 0 und d | ||
| 040 | _cARRUPELIB | ||
| 050 | _aDT431.03 1977 | ||
| 100 |
_aOdhiambo, E.S. Atieno _930631 |
||
| 245 | 2 | _aA History of East Africa | |
| 260 |
_bLongman LTD _aEngland _c1977 |
||
| 300 | _aix | ||
| 300 | _b 192p. 25 cm. | ||
| 650 |
_aAfrica ,East _xHistory _930632 |
||
| 650 |
_aJuvenille literature _930633 |
||
| 942 | 0 | 0 |
_01 _2lcc _cMONOGRAPH |